000
00275nam a22001217a 4500
008
181024b xxu||||| |||| 00| 0 eng d
041
_a
eng
080
_a
820
100
_a
21
101
_a
GJL
245
_a
Everyone's An Author With Readings
_c
Lunsford,A
942
_2
udc
_c
BK
999
_c
50814
_d
50814